000 00733nam a22002177a 4500
999 _c328
_d328
003 AR-CdUCM
008 190223b ||||| |||| 00| 0 eng d
040 _aMUNICIPALIDAD PROVINCIAL DEL CUSCO
_cBIBLIOTECA MUNICIPAL DEL CUSCO
082 _a883.12 /
_bF52
100 _aFinley, M. I.
_91334
245 _aEl mundo de Odiseo /
260 _aMexico :
_bFondo de cultura económica ;
_c1961.
300 _a169 paginas ;
_c17 cm.
505 _aHomero y los griegos -- Bardos y héroes -- Riqueza y trabajo -- El hogar, el parentesco y la comunidad -- Etica y riqueza ...
650 _aHomero
_91000
650 _aGriegos
_91335
650 _aHéroes
_91336
650 _aÉtica
_91337
942 _2ddc
_cLIBROS
945 _arum
_d2019-02-23